Normal view
MARC view
Entry Término temático
001 - NÚMERO DE CONTROL
- campo de control: 174417
003 - IDENTIFICADOR DEL NÚMERO DE CONTROL
- campo de control: OSt
005 - FECHA Y HORA DE LA ÚLTIMA TRANSACCIÓN
- campo de control: 20220127161316.0
008 - DATOS DE LONGITUD FIJA
- campo de control de longitud fija: 220127|| aca||aabn | a|a d
040 ## - FUENTE DE LA CATALOGACIÓN
- Centro catalogador/agencia de origen: OSt
- Centro/agencia transcriptor: OSt
150 ## - ENCABEZAMIENTO--TÉRMINO DE MATERIA
- Término de materia o nombre geográfico como elemento de entrada: Zinnia elegans
- Subdivisión general: enfermedades por virus
670 ## - FUENTE DE DATOS ENCONTRADOS
- Cita de la fuente: Work cat.: (OSt)207975: Morales Díaz, María Valeria 78255, Etiología de la "marchites seca" del miguelito (Zinnia elegansL.) en la región de Cuautla, Morelos /
